000 01562nam a22002297a 4500
003 NALT
005 20251125233037.0
008 s2550 th o tha d
040 _aNALT
041 _atha
086 _aสภ 10 5.4 340 2519
110 2 _99134
_aสำนักงานเลขาธิการรัฐสภา.
_bศูนย์บริการเอกสารและค้นคว้า
245 1 0 _aเอกสารประกอบการพิจารณาสภานิติบัญญัติแห่งชาติ พ.ศ. 2520 เล่ม 16 /
_cศูนย์บริการเเอกสารและค้นคว้า สำนักงานเลขาธิการรัฐสภา.
260 _aกรุงเทพฯ :
_bศูนย์บริการเเอกสารและค้นคว้า สำนักงานเลขาธิการรัฐสภา,
_c2519.
300 _a1 เล่ม :
_bตาราง ;
_c20 ซม.
650 4 _aร่างพระราชบัญญัติหมู่บ้านอาสาพัฒนา
_952472
_y2518
650 4 _aร่างพระราชบัญญัติจัดระเบียบบริหารหมู่บ้านอาสาพัฒนาและป้องกันตนเอง
_952473
850 _aNALT
856 4 0 _uhttps://hdl.handle.net/20.500.14156/448666
942 _cGOV
_2local
998 _cDAO
_j1020
_k จำเรียง ระวังสำโรง
999 _c56645
_d56645